| 000 | 00440nam a2200181Ia 4500 | ||
|---|---|---|---|
| 999 |
_c28894 _d28894 |
||
| 003 | OSt | ||
| 005 | 20250602165920.0 | ||
| 008 | 250310s9999||||xx |||||||||||||| ||und|| | ||
| 020 | _a0-582-05504-0 | ||
| 040 | _c. | ||
| 082 |
_a621.4021 _bJ642 |
||
| 100 |
_9658 _aJoel, Rayner |
||
| 245 | 0 |
_aBasic engineering thermodynamics / _cRayner Joel |
|
| 250 | _a4th ed. | ||
| 260 |
_aEngland: _bELBS, _c1989. |
||
| 300 | _a803 p. | ||
| 942 |
_cBK _2ddc |
||